000 00502nam a2200193Ia 4500
005 20140404091929.0
008 140130s9999 xx 000 0 und d
020 _a0590445103
050 _aPZ 7
_b.P6335Bi3 1977
100 _aPinkwater, Daniel Manis
245 _cPinkwater, Daniel Manis
_aThe big orange splot /
260 _bScholastic,
_c1977.
_aNew York :
300 _a30 p. :
_bcol. ill. ;
_c20 cm.
440 _v1
521 _aG3
526 _c550
942 _cBK
_2lcc
999 _c40659
_d40659